000 01184nam a22003617a 4500
003 CHAP
005 20220329140414.0
008 971013s1986 r 00010 d
010 _a51489
011 _a52461
035 _a56611
040 _cCHAP
090 _aTesis
100 0 0 _aSánchez Alpízar, Valtré.
_9107318
245 _aVariación geográfica en poblaciones de Pinus oocarpa Schiede de Chiapas y Oaxaca
260 _aMéxico, D.F. :
_bEl autor,
_c1986
300 _a68 h.
502 _aTesis (Biólogo) -- UNAM. Fac. de Ciencias
590 _aALEPH
_b10
_c20130110
_lUCH01
_h1327
590 _aBATCH-UPD
_b10
_c20130109
_lUCH01
_h2328
590 _aBATCH-UPD
_b10
_c20130110
_lUCH01
_h0355
590 _aBATCH-UPD
_b10
_c20130110
_lUCH01
_h2007
590 _aBATCH-UPD
_b10
_c20130409
_lUCH01
_h1853
590 _aBATCH-UPD
_b10
_c20130410
_lUCH01
_h0028
590 _aBATCH-UPD
_b10
_c20130914
_lUCH01
_h1913
590 _aCONVERSION
_b10
_c20130109
_lUCH01
_h1328
650 1 4 _aPináceas
_xChiapas.
_988220
650 1 4 _aPináceas
_xOaxaca.
_988256
650 1 4 _aPinus oocarpa.
_988355
901 _aBK
942 _cTESIS
949 _bBC
_cTES
_d-123613
_eTS1
_h18337
_i56611
_si
999 _c51489
_d51489